header

Undernutrition (Record no. 13881)

MARC details
000 -LEADER
fixed length control field 02463nam a2200373 a 4500
082 04 - DEWEY DECIMAL CLASSIFICATION NUMBER
Classification number 362.196/39
245 00 - TITLE STATEMENT
Title Undernutrition
260 ## - PUBLICATION, DISTRIBUTION, ETC. (IMPRINT)
Place of publication Hauppauge, N.Y. :
Name of publisher Nova Science Publishers,
Year of publication c2011.
300 ## - PHYSICAL DESCRIPTION
Number of Pages xiii, 173 p. :
Other physical details ill.
490 1# - SERIES STATEMENT
Series statement Nutrition and diet research progress
Series statement Public health in the 21st century
505 0# - FORMATTED CONTENTS NOTE
Formatted contents note Reproductive programming : the role of early life nutrition -- / Stella Chadio, Basiliki Kotsampasi -- Maternal perinatal undernutrition programs stress neuroendocrine systems in the male rat / D. Vieau ... [et al.] -- Effects of maternal undernutrition on lung growth and development in the offspring / Chung-Ming Chen, Leng-Fang Wang, Hsiu-Chu Chou -- Undernutrition from fetal life to puberty, fetal programming, and compensatory growth in rat testes / P. Genovese ... [et al.] -- Does educational attainment affect nutritional status? : a study among underprivileged adults of six districts of West Bengal, India / Sadaruddin Biswas, Kaushik Bose -- Prevalence of thinness among rural Bengalee Muslim school children from Eastern India / Prakash Ranjan Mondal, Sadaruddin Biswas, Kaushik Bose -- Long-term effects of early undernutrition on wound healing / Marilena Chinali Komesu, Miguel Angel Sala, Fabiano Misael Cavenaghi -- Effects of protein deprivation on the temporomandibular joint / Joao Gualberto de C. Luz.
650 #0 - SUBJECT ADDED ENTRY--TOPICAL TERM
Topical Term Malnutrition.
Topical Term Poor
700 1# - ADDED ENTRY--PERSONAL NAME
Personal name Lee, Jason E.
856 40 - ELECTRONIC LOCATION AND ACCESS
Uniform Resource Identifier http://site.ebrary.com/lib/rucke/Doc?id=10682993

No items available.

© 2026 Rongo University
Contact us: librarian | system librarian | Rongo university